Sports Quiz

Random Sports or Olympics Quiz

Top Medal Winning Countries by Olympics Quiz Stats

Quiz not verified by Sporcle

Challenge
Share
Tweet
Embed
Score 0/135 Timer 06:00
0 Plays Today
% Correct
United States
99.9%
United States
99.9%
United States
99.9%
United States
99.9%
United States
99.9%
United States
99.9%
United States
99.9%
United States
99.9%
United States
99.9%
United States
99.9%
United States
99.9%
United States
99.9%
United States
99.9%
United States
99.9%
United States
99.9%
United States
99.9%
United States
99.9%
United States
99.9%
United States
99.9%
United States
99.9%
United States
99.9%
United States
99.9%
United States
99.9%
United States
99.9%
United States
99.9%
United States
99.9%
Great Britain
99.4%
Great Britain
99.4%
Great Britain
99.4%
Great Britain
99.4%
Great Britain
99.4%
Great Britain
99.4%
Great Britain
99.4%
Great Britain
99.4%
China
98.9%
China
98.9%
Russian Federation
98.9%
China
98.9%
Russian Federation
98.9%
China
98.9%
China
98.9%
Russia
98.9%
China
98.9%
Russia
98.9%
China
98.9%
% Correct
Russian Federation
98.9%
France
97.7%
France
97.7%
France
97.7%
France
97.7%
France
97.7%
France
97.7%
France
97.7%
France
97.7%
Germany
97.1%
Germany
97.1%
Germany
97.1%
Germany
97.1%
Germany
97.1%
Germany
97.1%
Germany
97.1%
Germany
97.1%
Germany
97.1%
Germany
97.1%
Germany
97.1%
Australia
96.6%
Australia
96.6%
Australia
96.6%
Australia
96.6%
Canada
95.9%
Japan
95.9%
Japan
95.9%
Japan
95.9%
Japan
95.9%
Japan
95.9%
Japan
95.9%
USSR
95.7%
USSR
95.7%
USSR
95.7%
USSR
95.7%
USSR
95.7%
USSR
95.7%
USSR
95.7%
USSR
95.7%
USSR
95.7%
Unified Team (USSR)
95.7%
Italy
95.1%
Italy
95.1%
Italy
95.1%
Italy
95.1%
% Correct
Italy
95.1%
Italy
95.1%
Italy
95.1%
Italy
95.1%
Italy
95.1%
Italy
95.1%
Sweden
92.8%
Sweden
92.8%
Sweden
92.8%
Sweden
92.8%
Sweden
92.8%
Sweden
92.8%
Sweden
92.8%
Sweden
92.8%
Greece
90.5%
East Germany
89.6%
East Germany
89.6%
East Germany
89.6%
East Germany
89.6%
East Germany
89.6%
South Korea
89.6%
South Korea
89.6%
West Germany
86.9%
West Germany
86.9%
West Germany
86.9%
West Germany
86.9%
Finland
83.8%
Finland
83.8%
Finland
83.8%
Finland
83.8%
Finland
83.8%
Belgium
78.5%
Hungary
77.2%
Hungary
77.2%
Hungary
77.2%
Hungary
77.2%
Hungary
77.2%
Hungary
77.2%
Romania
71%
Switzerland
70.7%
Belgium
65.5%
Bulgaria
62.4%
Cuba
57.3%
Cuba
57.3%
Cuba
57.3%

You're not logged in!

Compare scores with friends on all Sporcle quizzes.
Join for Free
OR
Log In

You Might Also Like...

Show Comments

Extras

Top Quizzes Today


Score Distribution

Your Account Isn't Verified!

In order to create a playlist on Sporcle, you need to verify the email address you used during registration. Go to your Sporcle Settings to finish the process.

Report this User

Report this user for behavior that violates our Community Guidelines.

Details: